Victimologa̕ Un estudio sobre la vc̕tima y los procesos de victimizacin̤ /

Bibliographic Details
Main Author: Morillas Fernandez, David Lorenzo
Format: eBook
Language:Spanish
Published: Madrid : Dykinson, 2011
Subjects:
Online Access:Acceso restringido

MARC

LEADER 00000nam a22000007a 4500
005 20131218160640.0
007 cr|||| ||||
008 131218s2011 sp |||||s|||| 00||0 spa d
020 |a 978-84-9031-702-0 
035 |a 11688 
040 |a vLex 
090 |c 4638  |d 4638 
100 1 |a Morillas Fernandez, David Lorenzo 
245 1 0 |a Victimologa̕  |h [Recurso electrn̤ico] :  |b Un estudio sobre la vc̕tima y los procesos de victimizacin̤ /  |c David Lorenzo Morillas Fernǹdez  
256 |a Servicio en ln̕ea 
260 |a Madrid :  |b Dykinson,  |c 2011 
300 |a 1 recurso electrn̤ico 
506 1 |a Contenido solo disponible en los productos indicados  |d vLex Global  |d vLex Global (Academic Edition, excluding Law Schools)  |d vLex Global (U.S. Academic Edition, Law Schools)  |d vLex Global (U.S. Academic Edition, excluding Law Schools)  |d vLex Global (Academic Edition, Law Schools) 
650 0 4 |a Victimas  |x Estudios 
650 0 4 |a Derecho penal 
740 0 |a vLex Libros (Servicio en ln̕ea) 
856 4 0 |u http://vlex.com/source/victimologia-estudio-victima-y-procesos-victimizacion-11688/  |z Acceso restringido 
942 |c BOOK 
999 0 |a Victims 
999 0 |a Criminal Law